Introduction to gauge integrals /
Guardado en:
| Autor Principal: | |
|---|---|
| Formato: | Libro |
| Idioma: | English |
| Publicado: |
Singapore :
World Scientific,
c2001.
|
| Materias: | |
| Acceso en línea: | Table of contents |
| Etiquetas: |
Agregar Etiqueta
Sin Etiquetas, Sea el primero en etiquetar este registro!
|
| LEADER | 00807cam a22002414a 4500 | ||
|---|---|---|---|
| 001 | MAT.inmabb004045 | ||
| 008 | 001122s2001####si#######b####001#0#eng## | ||
| 005 | 20130221103406.0 | ||
| 245 | 1 | 0 | |a Introduction to gauge integrals / |c Charles Swartz. |
| 260 | |a Singapore : |b World Scientific, |c c2001. | ||
| 300 | |a x, 157 p. ; |c 23 cm. | ||
| 504 | |a Incluye referencias bibliográficas (p. 149-153) e índice. | ||
| 510 | 4 | |a MR, |c 2002e:26005 | |
| 020 | |a 9810242395 | ||
| 100 | 1 | |a Swartz, Charles, |d 1938- | |
| 246 | 3 | 0 | |a Gauge integrals |
| 650 | 0 | |a Henstock-Kurzweil integral. | |
| 650 | 0 | |a McShane integral. | |
| 084 | |a 26A39 |2 msc2000 | ||
| 010 | |a 00068521 | ||
| 040 | |a DLC |c DLC |d DLC | ||
| 856 | 4 | 1 | |3 Table of contents |u http://www.loc.gov/catdir/toc/fy042/00068521.html |
| 859 | |h 26 |i Sw973 |p A-8355 |b BIB. MATEMATICA | ||
